000 00634cam a2200229 4500
001 J92
008 090401t1991 xxu||||| |||| 00| 0 eng d
035 _a(Sirsi) u38134
041 _aeng
050 _a333.337094167
110 _aNorthern Ireland Valuation and Lands Office
_93198
245 4 _aThe Belfast office market.
260 _aBelfast
_bValuation and Lands Office
_c1991
300 _a20p. : ill. ; 30cm.
350 _a0
650 _aNORTHERN IRELAND
650 _aOFFICES
690 _aPROPERTY-COMMERCIAL PROPERTY
710 _aUniversity of Ulster Department of Surveying
942 _n0
948 _c04/03/1997
999 _c90614
_d90614